01025nam a2200253 a 450000100080000000500110000800800410001902200140006010000850007424500360015926000410019530000100023649000420024650001090028852001910039765000260058865000240061465300240063865300240066265300280068665300240071465300140073865300190075219255412024-08-28 2011 bl uuuu u01u1 u #d a0103-98651 aENCONTRO DE INICIAÇÃO À PESQUISA DA EMBRAPA RONDÔNIA, 2., 2011, Porto Velho. aAnais...h[electronic resource] aPorto Velho: Embrapa Rondôniac2011 a70 p. a(Embrapa Rondônia. Documentos, 146). aEditores: Cléberson de Freitas Fernandes, Marly de Souza Medeiros e Sílvia Maria Gonçalves Ferradaes. aEsta publicação reúne os resumos apresentados de forma oral ou em banners no II Encontro de Iniciação à Pesquisa da Embrapa Rondônia, ocorrido nos dias 20 e 21 de outubro de 2011. aAgricultural research aUniversity research aAmazonia Occidental aAmazônia Ocidental aIniciação científica aPesquisa acadêmica aRondônia aWestern Amazon